|
|
|
|
| LEADER |
00000nab a2200000 a 4500 |
| 001 |
vtls000326384 |
| 003 |
SK-MaSNL |
| 005 |
20260302225921.0 |
| 008 |
111201c1988 xo 0 slo |
| 015 |
|
|
|a SNBRB19rr/mm-uuuuu
|
| 035 |
|
|
|a CL0326506
|
| 040 |
|
|
|a SNKBUCL
|b slo
|c SNKBUCL
|e AACR2
|
| 041 |
0 |
|
|a slo
|
| 044 |
|
|
|a xo
|c SK
|
| 080 |
|
|
|a 882-7
|2 1981
|
| 100 |
1 |
|
|a Poznak, P.
|4 aut
|9 958872
|
| 245 |
1 |
0 |
|a Nepokradneš!
|c P. Poznak ; P. Pozňak, ZS, ZS
|
| 650 |
0 |
7 |
|a humoresky
|2 snkbucl
|9 73390
|
| 655 |
|
7 |
|a články z novín a časopisov
|2 snkbucl
|9 267496
|
| 655 |
|
7 |
|a články z odboru literárna veda a krásna literatúra
|2 snkbucl
|9 770045
|
| 700 |
1 |
|
|a Pozňak, P.
|4 aut
|9 958872
|
| 700 |
1 |
|
|a ZS
|4 aut
|9 5351
|
| 700 |
1 |
|
|a ZS
|4 trl
|9 5351
|
| 773 |
0 |
|
|t Roháč
|g Roč. 41, č. 31 (1988), s. /8/
|
| 850 |
|
|
|a Slovenská národná knižnica v Martine
|a MTA001
|
| 852 |
|
|
|a SNK
|b KIS3GCP
|
| 958 |
|
|
|a RK
|
| 958 |
|
|
|a LX
|
| 958 |
|
|
|a SU
|
| 992 |
|
|
|a RBX
|
| 999 |
|
|
|c 1531349
|d 1533279
|